zpět

Detail výsledku týmu

Hells Bells Beer Pub, Praha

Datum a čas kvízu

21 Celkem bodů Celkový počet nahraných bodů na tomto kvízu bez doplňovacích otázek.
12. Pořadí na kvízu Konečné umístění týmu na tomto kvízu.

Zaznamenané odpovědi

# Otázka Odpověď Body Výsledky
1. Investigativní tým podílející... Jan Novák 0
2. Na švýcarských mincích se popr... Roger Federer 1
3. Minulý týden jsme se dozvěděli... Milan Kundera 1
4. V pondělí začala v jedné evrop... Madrid 0
5. Ester Ledecká opět překvapila... Lake Louise 1
6. Toto téma zvítězilo minulý týd... vakovlk 0
7. Jakým způsobem souvisí s naším... Na tomto fiktivním ostrově se odehrával děj filmu Jurský park. 0
8. Na tomto obrázku vidíme velkou... latimérie podivná 0
9. Mnohým z vás jistě při přečten... Mauricius 0
10. Na obrázku vidíme grafické vyj... vyhynulý ve volné přírodě, žije pouze v zajetí 1